| 000 -LEADER |
| fixed length control field |
01581nam a22002777a 4500 |
| 005 - DATE AND TIME OF LATEST TRANSACTION |
| control field |
20230906115252.0 |
| 008 - FIXED-LENGTH DATA ELEMENTS--GENERAL INFORMATION |
| fixed length control field |
230906s2013 enk||||| |||| 00| 0 eng d |
| 020 ## - INTERNATIONAL STANDARD BOOK NUMBER |
| International Standard Book Number |
9789941107009 |
| 041 ## - LANGUAGE CODE |
| Language code of text/sound track or separate title |
eng |
| 080 ## - UNIVERSAL DECIMAL CLASSIFICATION NUMBER |
| Universal Decimal Classification number |
94(479.22:4)(093) D-90 |
| 100 ## - MAIN ENTRY--PERSONAL NAME |
| Personal name |
Dundua, Tedo |
| 9 (RLIN) |
17376 |
| 245 ## - TITLE STATEMENT |
| Title |
Georgia within the European integration : |
| Remainder of title |
Graeco-Roman world, Byzantine commonwealth, orthodox alliance a. the Georgians / |
| Statement of responsibility, etc. |
Tedo Dundua ; [ed. Alrxander Boshishvili ; Ivane Javakhishvili Tbilisi State University, faculty of Humanities, Inst. of Georgian History]. |
| 264 ## - PRODUCTION, PUBLICATION, DISTRIBUTION, MANUFACTURE, AND COPYRIGHT NOTICE |
| Place of production, publication, distribution, manufacture |
Tbilisi : |
| Name of producer, publisher, distributor, manufacturer |
Meridiani, |
| Date of production, publication, distribution, manufacture, or copyright notice |
2013. |
| 300 ## - PHYSICAL DESCRIPTION |
| Extent |
234 p. : |
| Other physical details |
ill. ; |
| Dimensions |
20 cm. |
| 500 ## - GENERAL NOTE |
| General note |
ბიბლიოგრ. ტექსტის შენიშვნ. |
| 653 ## - INDEX TERM--UNCONTROLLED |
| keyword |
ქართულ-ევროპული ურთიერთობების ისტორია |
| 653 ## - INDEX TERM--UNCONTROLLED |
| keyword |
დოკუმენტური წყაროები |
| 653 ## - INDEX TERM--UNCONTROLLED |
| keyword |
საქართველო-ბიზანტიის ურთიერთობების ისტორია |
| 653 ## - INDEX TERM--UNCONTROLLED |
| keyword |
კოლხეთის ისტორია. |
| 653 ## - INDEX TERM--UNCONTROLLED |
| keyword |
ბიზანტური ნუმიზმატიკა |
| 653 ## - INDEX TERM--UNCONTROLLED |
| keyword |
საქართველოს ნუმიზმატიკა |
| 653 ## - INDEX TERM--UNCONTROLLED |
| keyword |
ანტიკური ქვეყნების ნუმიზმატიკა |
| 700 ## - ADDED ENTRY--PERSONAL NAME |
| Personal name |
Boshishvili, Alexander |
| Relator term |
რედაქტორი |
| 9 (RLIN) |
19775 |
| 710 ## - ADDED ENTRY--CORPORATE NAME |
| Corporate name or jurisdiction name as entry element |
Ivane Javakhishvili Tbilisi State University. |
| Date of meeting or treaty signing |
Inst. of Georgian History. |
| 9 (RLIN) |
19776 |
| 942 ## - ADDED ENTRY ELEMENTS (KOHA) |
| Source of classification or shelving scheme |
|
| Koha item type |
წიგნი |